000
00327 a2200157 4500
001
47158
020
_a
9788574066349
040
_c
Anchieta - Aquarius
100
_a
Guéry, Anne
240
1
0
_a
Alfabarte
_l
por
245
1
0
_a
Alfabarte
300
_a
40
362
0
_a
2014
650
4
_a
Literatura infanto-juvenil
942
_c
BK
999
_c
47158
_d
47158